MLB Hall of Fame Class of 1937 - Statistics

General Stats
  • This quiz has been taken 7 times
  • The average score is 3 of 3
Answer Stats
Team Pos Answer YoB % % Correct
Cleveland Spiders SP Cy Young 2nd 76.1%
100%
Cleveland Indians 2B Nap Lajoie 2nd 83.6%
100%
Cleveland Indians CF Tris Speaker 2nd 82.1%
67%
No matching quizzes found
Score Distribution
Percent of People with Each Score
Percentile by Number Answered
Your Score History
You have not taken this quiz